Theories of human communication
Αποθηκεύτηκε σε:
| Κύριος συγγραφέας: | |
|---|---|
| Άλλοι συγγραφείς: | |
| Μορφή: | Βιβλίο |
| Γλώσσα: | English |
| Δημοσίευση: |
Australia :
Thomson/Wadsorth,
c2008
|
| Έκδοση: | 9th ed. |
| Θέματα: | |
| Ετικέτες: |
Προσθήκη ετικέτας
Δεν υπάρχουν, Καταχωρήστε ετικέτα πρώτοι!
|
MARC
| LEADER | 00000nam a2200000 i 4500 | ||
|---|---|---|---|
| 001 | 1/71723 | ||
| 008 | 080122s2008 eng d | ||
| 020 | |a 978-0-495-09587-3 (Intern. student ed.) | ||
| 020 | |a 0-495-09587-7 | ||
| 035 | |l 10093972 | ||
| 040 | |a GR-MY-UA |b gre |e aacr | ||
| 041 | 0 | |a eng | |
| 082 | 0 | |a 302.2 |2 (22) | |
| 100 | 1 | |a Littlejohn, Stephen W. | |
| 245 | 1 | 0 | |a Theories of human communication / |c Stephen W.Littlejohn, Karen A.Foss |
| 250 | |a 9th ed. | ||
| 260 | |a Australia : |b Thomson/Wadsorth, |c c2008 | ||
| 300 | |a xviii, 395 σ.; |c 24 εκ. | ||
| 504 | |a Βιβλιογραφία: σ. 356-387. Ευρετήριο | ||
| 650 | 0 | 0 | |a Communication |x Philosophy. |
| 700 | 1 | |a Foss, Karen A. | |
| 852 | |a INST |b SYROS |e 20080122 |h 302.201 LIT |p 005500006699 |q 005500006699 |t BK |y 4 |x 20120613 | ||
| 901 | |a BIBL5-2008-1 | ||
| 909 | |a Ε |b 140700 | ||
| 922 | |a 5ΕΛΗ |b 200711 |c ΕΠΕΑΕΚ2/ΤΜΣΠΣ |d ΠΑΠΑΣΩΤΗΡΙΟΥ | ||
| 970 | |a ΚΟΝΤΟΥ |b ΠΑΡΑΣΚΕΥΗ |z 2008/01/2 | ||